Šport v historickom kontexte

Pozornosť Ekonomickej univerzity v Bratislave rozvoju telesnej kultúry a športu svojich študentov a zamestnancov. Športové úspechy na domácej a medzinárodnej úrovni. Súčasní študenti - vynikajúci športovci, ktorí dosiahli popredné umiestnenie na európskych a svetových podujatiach. Angažovanosť učite...

Descrizione completa

Salvato in:
Dettagli Bibliografici
Autore principale: Partl, Igor
Natura: Capitolo di libro
Lingua:slovacco
Soggetti:
Tags: Aggiungi Tag
Nessun Tag, puoi essere il primo ad aggiungerne!!

MARC

LEADER 00000naa$a2200000$$$4500
001 0040030
005 20230622114522.1
041 0 |a slo 
044 |a SK 
245 1 0 |a Šport v historickom kontexte  |c Igor Partl 
520 |a Pozornosť Ekonomickej univerzity v Bratislave rozvoju telesnej kultúry a športu svojich študentov a zamestnancov. Športové úspechy na domácej a medzinárodnej úrovni. Súčasní študenti - vynikajúci športovci, ktorí dosiahli popredné umiestnenie na európskych a svetových podujatiach. Angažovanosť učiteľov EU v športovom hnutí - trénerstvo. 
610 2 0 |a Ekonomická univerzita v Bratislave 
610 2 0 |a šport 
610 2 0 |a súťaže 
610 2 0 |a história 
100 1 |a Partl, Igor